GTA V Quiz - Statistics

General Stats
  • This quiz has been taken 36 times
  • The average score is 5 of 9
Answer Stats
Hint Answer % Correct
Who is Franklin's best friend in story mode? Lamar
91%
What is the tallest building in the game? Maze Bank
88%
Who are the three main characters in story mode? Michael, Trevor, and Franklin
81%
What is the second biggest city in GTA V? Paleto Bay
56%
Who runs the Freakshop in GTA V online? Dax
47%
What is the man you go to for the Cluckin' Bell Farm Raid's name? Vincent
41%
What is the casino name in GTA V Online? The Diamond Casino and Resort
34%
What is the rarest thing to win on the spinning wheel in the online casino? Podium vehicle
16%
What is the fastest land vehicle in GTA V Online? Bravado Banshee GTS
9%
No matching quizzes found
Score Distribution
Percent of People with Each Score
Percentile by Number Answered
Your Score History
You have not taken this quiz